000 01098nam a2200313Ia 4500
003 OSt
005 20221006153413.0
006 a|||||r|||| 00| 0
007 ta
008 221006b |||||||| |||| 00| 0 eng d
020 _a9780520244207
024 _a32,239
037 _bGift, Prof. Sonoko Hijikata
_cTextual
040 _aEASL
_cEASL
_beng
041 _2eng
_aeng
082 _aV42:191,(X61).N41, P6
100 _aMETZLER Mark
_9663739
245 0 _aLever of empire
_b The international gold standard and the crisis of liberalism in prewar Japan
260 _aBerkeley
_bUniversity of California Press
_c2006
300 _a370p.
_ccm.
490 _v JEL
_aTwentieth-century Japan: The emergence of a world power
650 _a Currency question
_9663740
650 _a Gold standard - History
_9663741
650 _a Liberalism - Japan
_9663742
650 _a Monetary policy- Japan
_9663743
650 _aMoney - Japan - History
_9663744
942 _hV42:191,(X61).N41, P6
_cTEXL
_2CC
999 _c1100325
_d1100325